England... or Scotland? - Statistics

General Stats
  • This quiz has been taken 125 times
  • The average score is 15 of 20
Answer Stats
Hint Answer % Correct
Glen Coe Scotland
91%
Stirling Castle Scotland
90%
Falkirk Wheel Scotland
88%
Mull of Kintyre Scotland
88%
Cheddar Gorge England
86%
Carlisle England
83%
Island of Jura Scotland
81%
Isle of Wight England
80%
Angel of the North England
78%
Glastonbury Tor England
78%
River Tay Scotland
73%
Ibrox Stadium Scotland
70%
River Test England
69%
Gretna Green Scotland
69%
Dunnet Head Scotland
69%
Hadrian's Wall England
68%
Bodmin Moor England
65%
The Fens England
63%
Ullapool Scotland
62%
Lindisfarne England
56%
No matching quizzes found
Score Distribution
Percent of People with Each Score
Percentile by Number Answered
Your Score History
You have not taken this quiz